|
|
|
|
| LEADER |
00000nam a22000007i 4500 |
| 001 |
IT\ICCU\UBO\3429723 |
| 003 |
ItRI |
| 005 |
20260115231824.0 |
| 008 |
080528s1991 xxk|||||| ||||| |||||c |
| 020 |
|
|
|a 0854491503
|
| 040 |
|
|
|b ita
|c importazione bologna sebina
|
| 041 |
|
7 |
|a eng
|2 ISO-639-2
|
| 100 |
1 |
|
|a Grace, Della
|0 IT\ICCU\UBOV\239664
|4 aut
|
| 245 |
1 |
0 |
|a Love bites /
|c photographs by Della Grace.
|
| 260 |
|
|
|a London :
|b GMP,
|c 1991
|
| 300 |
|
|
|a 71 p. :
|b in gran parte ill. ;
|c 26x23 cm.
|
| 942 |
|
|
|2 ddc
|c BK
|n 0
|
| 952 |
|
|
|0 0
|1 0
|4 0
|6 L_779_092000000000000_GRA
|7 0
|9 13559
|a BO
|b BO
|d 2026-01-15
|i 3009
|l 0
|o L 779.092 GRA
|p BO3009
|r 2026-01-15 23:18:24
|w 2026-01-15
|x [Sebina 7] [1 v.]
|y BK
|z 1 v.
|
| 999 |
|
|
|c 11658
|d 11658
|